000 01105nam a2200253 a 4500
008 240827e2012 ag ||||g |||| 001 0 spa d
020 _a9789875745506
041 _aspa
092 _c121
_l10
_sCAR
100 1 _aCarli, Alberto.
_94209
245 3 _aEl conocimiento en las ciencias de la salud.
_bAportes para una reflexión epistemológia /
_cAlberto Carli.
250 _a1a ed.
260 _aBuenos Aires:
_bPrometeo libros;
_c2012.
300 _a144 p.
_b21 x15 cm.
500 _aCarli, A. y Kennel, B. L. (2012). El conocimiento en las ciencias de la salud. Aportes para una reflexión epistemológica. (1a ed.) Buenos Aires : Prometeo libros.
653 _aLa epistemología como estrategia de reflexión en las ciencias.
653 _aLa ciencias de la salud: naturaleza de su objeto de estudio.
653 _aLas ciencias de la salud, naturaleza de su objeto de estudio.
653 _aEl complejo salud-enfermedad.
653 _aEl sujeto cientifíco.
653 _aPor qué una epistemología de las ciencias de la salud.
700 1 _tKennel, Beatriz Liliana.
_94210
942 _2ddc
_cBK
999 _c3195
_d3195